1225 1960 1409 1478 1397 1258 1871 1552 1414 1123 1463 1492 1352 1467 1356 1434 1363 1042 1000 1032 1250 1049 1207 1127 1675 1281 1615 1316 1215 1508 1608 1152 1336 1744 1715 1735 1067 1085 1387 1895 1465 1199 1949 1046 1298 1735 1497 1878 1082 1171 1397 1762 1690 1739 1060 1138 1808 1605 1854 1921 1206 1057 1543 1537 1556 1422 1614 1418 1030 1381 1790 1617 1858 1354 1873 1864 1930 1783 1857 1097 1027 1367 1702 1946 1943 1824 1846 1329 1662 1416 1958 1614 1201 1359 1716 1471 1976 1385 1624 BCNSPRNW ULIB Ver.6.0+V

เปลี่ยนเป็นภาษาไทย

Change to English
 แสดงรายละเอียดบรรณานุกรม
  กลับหน้าหลัก

Brief Record : Get Marc (ISO 2709) : E-mail record : QR code < ปิดหน้าต่าง
LEADER : 00000nam 2200000uu 4500
001    13399110061
003     ULIB
008    110420s2552||||th 000 0 tha d
020    9786115080267
050  4 BF637.S8^bค336ว 2552
100 1  คาร์เนกี้, เดล
245 10 วิธีชนะมิตรและจูงใจคน =^bHow to win friends and influencepeople /^cเดล คาร์เนกี้ ; แปลโดย อาษา ขอจิตต์เมตต์
246 31 How to win friends and influence people
260    กรุงเทพฯ :^bแสงดาว,^c2552
300    351 หน้า ;^c21 ซม.
500    "จัดพิมฑ์เป็นเครื่องระลึกในวาระครบรอบ 101 ปี"
650  7 จิตวิทยาประยุกต์
650  7 จิตวิทยาสังคม
700 0  อาษา ขอจิตต์เมตต์,^eผู้แปล
700 12 Carnegie, Dale.^tHow to win friends and influence people
945    ^p250^l0^i029978
945    ^p250^l0^i029977
945    ^p250^l0^i029976
995    เกษร
999 ^a ใช้งานได้ทุกระบบ
รายการนี้ยังไม่มีแท็ก
คุณยังไม่ได้ล็อกอิน คุณสามารถมีกิจกรรมร่วมกับเว็บไซต์ได้ แต่ต้องล็อกอินก่อน ::
  ล็อกอิน

รายการสื่อสารสนเทศ

ลำดับที่ ประเภท เลขเรียก/บาร์โค้ด สถานที่ สถานะ
1. การศึกษาทั่วไป
การศึกษาทั่วไป
BF637.S8 ค336ว 2552 ฉ.2 
  Barcode: 029977
ห้องสมุดวิทยาเขตนครสวรรค์
►หนังสือทั่วไป:l:General Books
บนชั้น
2. การศึกษาทั่วไป
การศึกษาทั่วไป
BF637.S8 ค336ว 2552 ฉ.3 
  Barcode: 029978
ห้องสมุดวิทยาเขตนครสวรรค์
►หนังสือทั่วไป:l:General Books
บนชั้น

รายการใกล้เคียง
    ผู้แต่ง [คาร์เนกี้, เดล]

    หัวเรื่อง [จิตวิทยาประยุกต์]
    หัวเรื่อง [จิตวิทยาสังคม]

BibComment


ยังไม่เคยถูกคอมเมนท์

คอมเมนท์ทรัพยากรรายการนี้
  คอมเมนท์: วิธีชนะมิตรและจูง..


 Copyright 2026. Bcnsprnw @Library